Графические методы расчета водоснабжения и канализации: с 14 таблицами чертежей; Часть I; Теория и применение способа сопряженных масштабов; Известия Томского Технологического Института [Известия ТТИ]; Т. 23, № 3

מידע ביבליוגרפי
Parent link:Известия Томского Технологического Института [Известия ТТИ]/ Томский технологический институт (ТТИ).— , 1903-1925
Т. 23, № 3.— 1911
מחבר ראשי: Николин Я. И. Яков Иванович
סיכום:Заглавие с титульного листа
Электронная версия печатной публикации
שפה:רוסית
יצא לאור: 1911
נושאים:
גישה מקוונת:Черно-белая версия для предварительного просмотра
Цветная версия без потери качества
פורמט: MixedMaterials אלקטרוני Book Chapter
KOHA link:https://koha.lib.tpu.ru/cgi-bin/koha/opac-detail.pl?biblionumber=170545

MARC

LEADER 00000nla2a2200000 4500
001 170545
005 20231101222910.0
035 |a (RuTPU)RU\TPU\book\184950 
035 |a RU\TPU\book\184072 
090 |a 170545 
100 |a 20091124d1911 k y0rusy50 ca 
101 0 |a rus 
102 |a RU 
135 |a drnn ---uucaa 
181 0 |a i  
182 0 |a b 
200 1 |a Графические методы расчета водоснабжения и канализации  |b Электронный ресурс  |e с 14 таблицами чертежей  |h Часть I  |i Теория и применение способа сопряженных масштабов  |f Я. И. Николин 
203 |a Текст  |c электронный 
215 |a 2 файла (5.6 Мб, 176 Мб) 
230 |a Электронные текстовые данные (2 файла : 5.6 Мб, 176 Мб) 
300 |a Заглавие с титульного листа 
300 |a Электронная версия печатной публикации 
337 |a Adobe Reader 
461 1 |0 (RuTPU)RU\TPU\book\165999  |t Известия Томского Технологического Института [Известия ТТИ]  |f Томский технологический институт (ТТИ)  |d 1903-1925 
463 1 |0 (RuTPU)RU\TPU\book\184947  |t Т. 23, № 3  |d 1911  |p 325 с. 
610 1 |a электронный ресурс 
610 1 |a труды учёных ТПУ 
700 1 |a Николин  |b Я. И.  |c российский ученый  |c профессор ТТИ (1906-1922)  |f 1873-?  |g Яков Иванович  |2 stltpush  |3 (RuTPU)RU\TPU\pers\21844  |9 9183 
801 1 |a RU  |b 63413507  |c 20090320  |g PSBO 
801 2 |a RU  |b 63413507  |c 20100927  |g PSBO 
856 4 |u http://www.lib.tpu.ru/fulltext/v/Bulletin_TPU/1911/v23/a1_bw.pdf  |z Черно-белая версия для предварительного просмотра 
856 4 |u http://www.lib.tpu.ru/fulltext/v/Bulletin_TPU/1911/v23/a1_full.pdf  |z Цветная версия без потери качества 
942 |c CF